01782nam a2200385 a 4500001001200000003000800012006001900020007001500039008004100054010001700095020001800112020003000130020002700160020002400187020002100211040002100232035002100253050002300274110004000297245012800337260005700465300003100522490003800553504005100591505018600642533015200828650003700980655002901017700001901046700002401065710001701089711014501106856012601251999001901377ebr10439401CaPaEBRm u cr cn|||||||||110114s2010 dcuac sb 101 0 eng d z 2007032455 z9780309156578 z9780309104050 (hardcover) z030910405X (hardcover) z9780309667869 (pdf) z0309667860 (pdf) aCaPaEBRcCaPaEBR a(OCoLC)72682347214aQH359b.N38 2010eb2 aNational Academy of Sciences (U.S.)14aThe human conditionh[electronic resource] /cJohn C. Avise and Francisco J. Ayala, editors ; National Academy of Sciences. aWashington, D.C. :bNational Academies Press,c2010. axvi, 411 p. :bill., port.0 aIn the light of evolution ;vv. 4 aIncludes bibliographical references and index.0 apt. 1. Human phylogenetic history and the paleontological record -- pt. 2. Structure and function of the human genome -- pt. 3. Cultural evolution and the uniqueness of being human. aElectronic reproduction.bPalo Alto, Calif. :cebrary,d2013.nAvailable via World Wide Web.nAccess may be limited to ebrary affiliated libraries. 0aEvolution (Biology)vCongresses. 7aElectronic books.2local1 aAvise, John C.1 aAyala, Francisco J.2 aebrary, Inc.2 aArthur M. Sackler Colloquium of the National Academy of Sciences In the Light of Evolution IV: The Human Conditiond(2009 :cIrvine, Calif.)40uhttp://site.ebrary.com/lib/rucke/Doc?id=10439401zAn electronic book accessible through the World Wide Web; click to view c133812d133812